000 00819nam a2200241Ia 4500
001 9886
003 GE_BSU
008 181216s||||||||xx |||||||||||||| ||und||
010 _a9789994063758
040 _cGE_BSU
080 _a821.353.1-31
100 _aმორჩილაძე,აკა
245 _aძველი გულებისა და ხმლისა
245 _bრომანი
245 _cყდის დიზაინი:მართა თაბუკაშვილი
260 _aთბილისი.
260 _bბაკურ სულაკაურის გამ-ბა.
260 _c2007.
300 _a125გვ;18სმ
541 _h6ლ.
653 _aძველი გულებისა და ხმლისა:რომანი
942 _cBK
999 _c43165
_d43165